| 000 | 00862nas a2200313 4500 | ||
|---|---|---|---|
| 001 | BR2020000152 | ||
| 003 | BR-BrBNA | ||
| 005 | 20231205132037.0 | ||
| 007 | ta | ||
| 008 | 230509b bl.|||p| |||| 00| 00por d | ||
| 040 |
_aBR-BrBNA _bpor _cBiblioteca Nacional de Agricultura |
||
| 041 | _a(Pt) | ||
| 072 | _aF01; F63; J11 | ||
| 100 | 1 | _aFaoro, I.D. | |
| 100 | 1 | _aSezerino, A.A. | |
| 100 | 1 | _aMartin, M.S. de | |
| 100 | 1 | _aPasa, M. da S. | |
| 245 | 1 | _aA pereira cv. Rocha | |
| 650 | _aPERA | ||
| 650 | _aVARIEDADE | ||
| 650 | _aPORTA ENXERTO | ||
| 650 | _aPOLINIZAÇÃO | ||
| 650 | _aCOLHEITA | ||
| 650 | _aARMAZENAMENTO | ||
| 650 | _aPRODUÇÃO VEGETAL | ||
| 773 | 0 |
_tAgropecuária Catarinense (Brazil) _xISSN 0103-0779 _g(Jan-Apr 2019), v. 32(1) p. 38-40 _wBR2020000152 |
|
| 909 |
_a202311 _bLúcia _c55 _dLúcia Elande |
||
| 942 |
_2AGRIS _n0 _cANA |
||
| 999 |
_c258155 _d258155 |
||